000 00814nam a2200121Ia 4500
008 220620s9999||||xx |||||||||||||| ||und||
100 _aSchulz, Wolfram||Ainley, John||Fraillon, Julian||Losito, Bruno||Agrusti, Gabriella||Friedman, Tim
245 0 _aBecoming Citizens in a Changing World: IEA International Civic and Citizenship Education Study 2016 International Report
546 _aEnglish[eng]
650 _aCivic education||ICCS||IEA Educational Achievement||Civic knowledge||Civics and citizenship||Attitudes to civic life||Engagement with civic life||Civic participation
856 _uhttps://library.oapen.org/bitstream/20.500.12657/28127/1/1001867.pdf||https://library.oapen.org/bitstream/20.500.12657/28127/1/1001867.pdf||https://library.oapen.org/bitstream/20.500.12657/28127/1/1001867.pdf
942 _cEB
999 _c29082
_d29082